<?xml version="1.0" encoding="UTF-8"?>
<record
    xmlns:xsi="http://www.w3.org/2001/XMLSchema-instance"
    xsi:schemaLocation="http://www.loc.gov/MARC21/slim http://www.loc.gov/standards/marcxml/schema/MARC21slim.xsd"
    xmlns="http://www.loc.gov/MARC21/slim">

  <leader>01423cam a2200289Ia 4500</leader>
  <controlfield tag="001">5068690</controlfield>
  <controlfield tag="005">20220326193345.0</controlfield>
  <controlfield tag="008">050202s2004    ag ac    bc   000 0 eng d</controlfield>
  <datafield tag="020" ind1=" " ind2=" ">
    <subfield code="a">9872144516</subfield>
  </datafield>
  <datafield tag="035" ind1=" " ind2=" ">
    <subfield code="a">(OCoLC)ocm57553921</subfield>
  </datafield>
  <datafield tag="035" ind1=" " ind2=" ">
    <subfield code="a">(NNC)5068690</subfield>
  </datafield>
  <datafield tag="040" ind1=" " ind2=" ">
    <subfield code="a">IQU</subfield>
    <subfield code="c">IQU</subfield>
  </datafield>
  <datafield tag="041" ind1="0" ind2=" ">
    <subfield code="a">eng</subfield>
    <subfield code="a">spa</subfield>
  </datafield>
  <datafield tag="082" ind1=" " ind2=" ">
    <subfield code="a">708</subfield>
    <subfield code="b">Gr868g</subfield>
  </datafield>
  <datafield tag="090" ind1=" " ind2=" ">
    <subfield code="a">N6639.G75</subfield>
    <subfield code="b">A4 2004</subfield>
  </datafield>
  <datafield tag="100" ind1="1" ind2=" ">
    <subfield code="a">Grippo, V&#xED;ctor,</subfield>
    <subfield code="d">1936-2002.</subfield>
    <subfield code="9">4896</subfield>
  </datafield>
  <datafield tag="245" ind1="1" ind2="0">
    <subfield code="a">Grippo :</subfield>
    <subfield code="b">una retrospectiva, obras 1971-2001 : [exposici&#xF3;n] Malba, Colecci&#xF3;n Costantini, del 24 de junio al 6 de septiembre de 2004, Buenos Aires, Argentina /</subfield>
    <subfield code="c">[curador, Marcelo E. Pacheco].</subfield>
  </datafield>
  <datafield tag="260" ind1=" " ind2=" ">
    <subfield code="a">Buenos Aires :</subfield>
    <subfield code="b">Fundaci&#xF3;n Eduardo F. Costantini :</subfield>
    <subfield code="b">Malba-Colecci&#xF3;n Costantini,</subfield>
    <subfield code="c">c2004.</subfield>
  </datafield>
  <datafield tag="300" ind1=" " ind2=" ">
    <subfield code="a">356 p. :</subfield>
    <subfield code="b">ill. (some col.), ports. ;</subfield>
    <subfield code="c">27 cm.</subfield>
  </datafield>
  <datafield tag="500" ind1=" " ind2=" ">
    <subfield code="a">Accompanies an exhibition held at Museo de Arte Latinoamericano de Buenos Aires, 24 June-6 Sept. 2004.</subfield>
  </datafield>
  <datafield tag="504" ind1=" " ind2=" ">
    <subfield code="a">Includes bibliographical references (p. 253-265).</subfield>
  </datafield>
  <datafield tag="505" ind1=" " ind2=" ">
    <subfield code="t">Presentaciones</subfield>
    <subfield code="r">Eduardo F. Constantini, Marcelo E. Pacheco</subfield>
    <subfield code="t">Ensayos</subfield>
    <subfield code="r">Ana Longoni,Adriana Lauria, Llilian Llanes, Guy Brett, Angeline Scherf, Justo Pastor Mellado.</subfield>
    <subfield code="t">Obras</subfield>
    <subfield code="t">Grippo x Grippo</subfield>
    <subfield code="t">Cronologia</subfield>
    <subfield code="t">Curriculum Vitae</subfield>
    <subfield code="t">Lista de obras</subfield>
    <subfield code="t">English texts</subfield>
  </datafield>
  <datafield tag="546" ind1=" " ind2=" ">
    <subfield code="a">English and Spanish.</subfield>
  </datafield>
  <datafield tag="600" ind1="1" ind2="0">
    <subfield code="a">Grippo, V&#xED;ctor,</subfield>
    <subfield code="d">1936-2002</subfield>
    <subfield code="v">Exhibitions.</subfield>
    <subfield code="9">4897</subfield>
  </datafield>
  <datafield tag="710" ind1="2" ind2=" ">
    <subfield code="a">Museo de Arte Latinoamericano de Buenos Aires.</subfield>
    <subfield code="9">2702</subfield>
  </datafield>
  <datafield tag="999" ind1=" " ind2=" ">
    <subfield code="c">888</subfield>
    <subfield code="d">888</subfield>
  </datafield>
  <datafield tag="952" ind1=" " ind2=" ">
    <subfield code="0">0</subfield>
    <subfield code="1">0</subfield>
    <subfield code="2">ddc</subfield>
    <subfield code="4">0</subfield>
    <subfield code="7">0</subfield>
    <subfield code="a">LV</subfield>
    <subfield code="b">LV</subfield>
    <subfield code="c">Monograf&#xED;as</subfield>
    <subfield code="d">2016-04-22</subfield>
    <subfield code="l">0</subfield>
    <subfield code="o">708 Gr868g</subfield>
    <subfield code="p">000807</subfield>
    <subfield code="r">2016-04-22 00:00:00</subfield>
    <subfield code="w">2016-04-22</subfield>
    <subfield code="y">01</subfield>
  </datafield>
</record>
